| 000 | 00400nam a2200181Ia 4500 | ||
|---|---|---|---|
| 001 | 3571 | ||
| 005 | 20260306145653.0 | ||
| 008 | 260306t1997||||xx |||||||||||||| ||spa|| | ||
| 041 | _aESP | ||
| 082 |
_a289.8 _bJ81 |
||
| 100 |
_aJuan Pablo II _eAUT |
||
| 245 | 0 | _aOfrece el perdón, recibe la paz | |
| 260 | _c1997 | ||
| 300 |
_a _c |
||
| 650 | _aGEN | ||
| 654 | _aCHU | ||
| 942 |
_cLIB _dJUS _fJUS _2ddc _n |
||
| 999 |
_c3571 _d3571 |
||